Normal view
MARC view
- Thomas, A J .
Entry Personal Name
001 - CONTROL NUMBER
- control field: 1925
003 - CONTROL NUMBER IDENTIFIER
- control field: OSt
005 - DATE AND TIME OF LATEST TRANSACTION
- control field: 20161020105036.0
008 - FIXED-LENGTH DATA ELEMENTS
- fixed length control field: 161020|| aca||aabn | a|a d
040 ## - CATALOGING SOURCE
- Original cataloging agency: OSt
- Transcribing agency: OSt
100 ## - HEADING--PERSONAL NAME
- Personal name: Thomas, A J .
670 ## - SOURCE DATA FOUND
- Source citation: Work cat.: (OSt)8890: Thomas, A J ., Practical English Grammar for Foriegn Students / , 1964.
